000 00830nam a2200265Ia 4500
003 OSt
005 20220930184412.0
006 a|||||r|||| 00| 0
007 ta
008 220926b |||||||| |||| 00| 0 eng d
020 _a9789384961893 (pbk)
_cINR 630.00
024 _a43757
037 _b1648, 16/02/2019, Bright Book Service
_cTextbook
040 _aCRL
_cCRL
_beng
041 _2eng
_aeng
082 _aV1:2, Q6
100 _aDSouza June L. Au.
_9556983
245 0 _aWorld constitutions
_b constitutional texts and comparative study
260 _aAllahabad
_bCentral Law Publication India
_c2016
300 _axii,1024p.
_ccm.
650 _a WORLD HISTORY
650 _aHISTORY
942 _hV1:2, Q6
_cTB
_2CC
999 _c888398
_d888398